000 00622nam a22002177a 4500
003 UA-OsUOA
001 78420
007 ta
008 20111011b un ||||| |||| 00| 0 ukr d
100 _aМарченко М.Н.
090 _a34
_bМ30
942 _cSA
040 _aUA-OsUOA
_bukr
_cUA-OsUOA
_dUA-OsUOA
245 _aТеория правового государства в системе других государственно-правовых теорий
300 _aС.5-12
955 _a0
041 _aukr
080 _a34
773 0 _w78419
650 7 _a34 Право. Юриспруденція
_2UDC
999 _c364733
_d364733